Equity and housing objectives in homeowner assistance /

Bibliographic Details
Main Author: Lowry, Ira S.
Corporate Authors: United States. Department of Housing and Urban Development. Office of Policy Development and Research, Rand Corporation
Format: Book
Language:English
Published: Santa Monica, CA : Rand, [1981]
Subjects:

MARC

Tag First Indicator Second Indicator Subfields
LEADER 00000cam a2200000 a 4500
001 in00001084331
005 20150929160701.0
008 810824s1981 cau b 000 0 eng d
035 |a (OCoLC)07695192 
035 |9 AFQ7119AM 
040 |a YSM  |c YSM  |d m/c  |d UtOrBLW 
043 |a n-us--- 
049 |a TXAM 
090 |a HD7293  |b .L7 1981 
100 1 |a Lowry, Ira S. 
245 1 0 |a Equity and housing objectives in homeowner assistance /  |c Ira S. Lowry. 
264 1 |a Santa Monica, CA :  |b Rand,  |c [1981] 
300 |a vii, 41 pages ;  |c 28 cm. 
336 |a text  |b txt  |2 rdacontent 
337 |a unmediated  |b n  |2 rdamedia 
338 |a volume  |b nc  |2 rdacarrier 
500 |a "Housing assistance supply experiment"--cover 
504 |a Bibliography: page 41. 
500 |a "N-1073-HUD" 
500 |a "March 1981" 
500 |a "[This document was first publilshed as WN-8715-HUD in June 1974]" 
500 |a "Prepared for the Office of Policy Development and Research, U.S. Department of Housing and Urban Development." 
500 |a "A Rand note"--cover 
650 0 |a Housing subsidies  |z United States. 
710 1 |a United States.  |b Department of Housing and Urban Development.  |b Office of Policy Development and Research. 
740 0 |a Housing assistance supply experiment 
710 2 |a Rand Corporation. 
999 |a MARS 
999 f f |s 2f0ac987-75f7-3b83-af4a-509a306c34e7  |i 621b5ca5-76f0-3d20-8dbb-13347c58015d  |t 0 
952 f f |p ric  |a Texas A&M University  |b Rellis Campus  |c Joint Library Facility  |d Remote Storage  |t 0  |e HD7293 .L7 1981  |h Library of Congress classification  |i unmediated -- volume  |m A14816196581 
998 f f |a HD7293 .L7 1981  |t 0  |l Remote Storage